The potentials of refined rubber seed oil for use as a dielectric fluid- A review (Record no. 75737)

MARC details
000 -LEADER
fixed length control field 00645nam a22001337a 4500
100 ## - MAIN ENTRY--AUTHOR NAME
Personal name Fagbemi, E.A.
245 ## - TITLE STATEMENT
Title The potentials of refined rubber seed oil for use as a dielectric fluid- A review
260 ## - PUBLICATION, DISTRIBUTION, ETC. (IMPRINT)
Name of publisher Natural Rubber Industry: Way forward for the Competitiveness and Sustainability: Proceedings of the International Rubber Conference 2019, 30 September- 1st October 2019, International Rubber Research and Development Board and Myanmar Rubber Planters and Producers Association, Nai Pyi Taw, Myanmar, pp. 280-285.
Year of publication 2022
650 ## - SUBJECT ADDED ENTRY--TOPICAL TERM
Topical Term Dielectric
650 ## - SUBJECT ADDED ENTRY--TOPICAL TERM
Topical Term Refined
700 ## - ADDED ENTRY--PERSONAL NAME
Personal name Ismail, O.S.
942 ## - ADDED ENTRY ELEMENTS (KOHA)
Koha item type Articles
Holdings
Withdrawn status Lost status Damaged status Not for loan Home library Current library Date acquired Koha item type
        RRII Library RRII Library 03/11/2025 Articles